000 00371nam a22001097a 4500
008 230626b xxu||||| |||| 00| 0 eng d
082 _a338.09
_bMOEPD 1958
245 _aKenya Survey of Industrial Production, 1956
_bEast African Statistical Department -Kenya Unit
260 _aKenya
_bEast African Statistical Department -Kenya Unit
_c1958
300 _a85p
942 _2ddc
_cBK
999 _c2786
_d2786